Fundamentals of Psychology for Graduate Nurses (Record no. 158318)
[ view plain ]
| 000 -LEADER | |
|---|---|
| fixed length control field | 00403nam a2200145Ia 4500 |
| 008 - FIXED-LENGTH DATA ELEMENTS--GENERAL INFORMATION | |
| fixed length control field | 230411s9999 xx 000 0 und d |
| 020 ## - INTERNATIONAL STANDARD BOOK NUMBER | |
| International Standard Book Number | 978-93-5250-157-1 |
| 041 ## - LANGUAGE CODE | |
| Language code of text/sound track or separate title | eng |
| 082 ## - DEWEY DECIMAL CLASSIFICATION NUMBER | |
| Classification number | PY/150/PRA/B08928 |
| 100 ## - MAIN ENTRY--PERSONAL NAME | |
| Personal name | Prakash P |
| 245 ## - TITLE STATEMENT | |
| Title | Fundamentals of Psychology for Graduate Nurses |
| 260 ## - PUBLICATION, DISTRIBUTION, ETC. (IMPRINT) | |
| Name of publisher, distributor, etc. | Jaypee Brothers |
| Place of publication, distribution, etc. | New Delhi |
| Date of publication, distribution, etc. | 2016 |
| 300 ## - PHYSICAL DESCRIPTION | |
| Extent | 308p |
| Withdrawn status | Lost status | Damaged status | Not for loan | Collection code | Home library | Current library | Date acquired | Vendor | Cost, normal purchase price | Bill number | Total Checkouts | Total Renewals | Full call number | Barcode | Date last seen | Date last checked out | Cost, replacement price | Bill Date | Koha item type | Original Barcode |
|---|---|---|---|---|---|---|---|---|---|---|---|---|---|---|---|---|---|---|---|---|
| Smt. Bakul Tambat Institute of Nursing Education | Smt. Bakul Tambat Institute of Nursing Education | 04/12/2018 | Jaypee Brothers Medical Publishers | 325.00 | MU/INV-I/18-00100 | 3 | 1 | PY 150 PRA B08928 | BTIN-BK-8928 | 05/01/2026 | 06/12/2025 | 221.00 | 04/12/2018 | Books | B08928 |